000 01546cam a2200409 4500
001 ABS64672
008 011102n2001 000 0 eng u
035 _a(Sirsi) u115464
100 _aRedpath-Stevens, Alastair
245 _aHousing law update
260 _c2001
520 _aProvides an update of recent developments in housing law. Covers the definition of dwelling; housing law reform; CPR 55, striking out disrepair claims; possession orders and warrants of possession; notices to quit; the application of the Childrens Act 1989; antisocial behaviour; and impact of the Human Rights Act 1998 on introductory tenancies. Case law.
590 _aABS
650 _aHOUSING LAW
650 _aREFORM
650 _aDWELLING
650 _aPOSSESSION ORDERS
650 _aINTRODUCTORY TENANCIES
650 _aHUMAN RIGHTS ACT 1998
650 _aCHILDREN ACT 1989
650 _aANTI-SOCIAL BEHAVIOUR
650 _aNOTICE TO QUIT
650 _aURATEMP VENTURES LTD V COLLINS
650 _aMARSHALL V BRADFORD METROPOLITAN DC
650 _aDIAB V COUNTRYWIDE RENTALS
650 _aST BRICE AND ANOTHER V SOUTHWARK LBC
650 _aSHEFFIELD CITY COUNCIL V HOPKINS
650 _aNOTTING HILL HOUSING TRUST V BRACKLEY
650 _aR (G) V BARNET LBC
650 _aR (A) V LAMBETH LBC
650 _aNOTTINGHAM CITY COUNCIL V MZ (A MINOR)
650 _aMCLELLAN V BRACKNELL FOREST BC
650 _aREIGATE & BANSTEAD BC V BENFIELD AND FORREST
690 _aHOUSING
700 _aShepherd, J
942 _n0
999 _c68771
_d68771